000
00205 a2200097 4500
001
47219
100
_a
Richmond
245
_a
Statsmen and Sea Power
260
_a
London
_b
Oxford
_c
090
_c
30271
_d
30271
942
_a
NUST-CAE
_c
M
_c
22527
999
_c
282292
_d
282292